| 000 | 00466nam a22001817a 4500 | ||
|---|---|---|---|
| 003 | CEME | ||
| 005 | 20210628204053.0 | ||
| 008 | 210105b xxu||||| |||| 00| 0 eng d | ||
| 020 | _a9693518004 | ||
| 040 | _c. | ||
| 082 | _a954.9 CHI | ||
| 100 |
_aMuhammad Ali Chiragh _968568 |
||
| 245 | _aPakistan manzil ba manzil: 1901- 1947 | ||
| 260 |
_aLAHORE _bSANG-E-MEEL PUB _c2011 |
||
| 300 | _a229P | ||
| 650 |
_aPAKISTAN MANZIL BA MANZIL. _968569 |
||
| 942 |
_cBK _2ddc |
||
| 999 |
_c576112 _d576112 |
||